| 000 | 00539nam a2200181 i 4500 | ||
|---|---|---|---|
| 001 | 55556 | ||
| 003 | ES-MaACL | ||
| 005 | 20230906163153.0 | ||
| 007 | t| | ||
| 008 | 030923s1969 sp ||||1| spa d | ||
| 100 | 1 |
_aDes Cars, Guy. _943809 |
|
| 245 | 1 | 0 |
_aReyes de corazón de Rumanía / _cGuy Des Cars ; [versión de José Luis Beltrán]. |
| 250 | _a1ª ed. | ||
| 260 |
_aBarcelona : _bLuis de Caralt, _c1969. |
||
| 300 |
_a338 p., 6 lám. ; _c19 cm. |
||
| 700 | 1 |
_aBeltrán, José Luis. _927342 |
|
| 852 |
_aES-MaACL _jC-39763 _bR.72184 |
||
| 999 |
_c55556 _d55556 |
||